Financial institutions and markets: (Record no. 99)
[ view plain ]
| 000 -LEADER | |
|---|---|
| fixed length control field | 00629nam a2200205 4500 |
| 001 - CONTROL NUMBER | |
| control field | 114 |
| 005 - DATE AND TIME OF LATEST TRANSACTION | |
| control field | 20181127160429.0 |
| 008 - FIXED-LENGTH DATA ELEMENTS--GENERAL INFORMATION | |
| fixed length control field | 840929s1982 ii b 001 0 engo |
| 010 ## - LIBRARY OF CONGRESS CONTROL NUMBER | |
| LC control number | 82903239 |
| 100 1# - MAIN ENTRY--PERSONAL NAME | |
| Personal name | Bhole, L. M., |
| Dates associated with a name | 1943- |
| 245 10 - TITLE STATEMENT | |
| Title | Financial institutions and markets: |
| Remainder of title | structure, growth, and innovations / |
| Statement of responsibility, etc. | L.M. Bhole. |
| 250 ## - EDITION STATEMENT | |
| Edition statement | 5th ed. |
| Remainder of edition statement | |
| 260 ## - PUBLICATION, DISTRIBUTION, ETC. | |
| Place of publication, distribution, etc. | New Delhi : |
| Name of publisher, distributor, etc. | Tata McGraw Hill, |
| Date of publication, distribution, etc. | 2011. |
| 300 ## - PHYSICAL DESCRIPTION | |
| Extent | xxvi, 999 p. ; |
| Dimensions | 25 cm. |
| 500 ## - GENERAL NOTE | |
| General note | Includes index. |
| 504 ## - BIBLIOGRAPHY, ETC. NOTE | |
| Bibliography, etc. note | Bibliography: p. [982]-996. |
| 520 ## - SUMMARY, ETC. | |
| Summary, etc. | In the Indian context. |
| 650 #0 - SUBJECT ADDED ENTRY--TOPICAL TERM | |
| Topical term or geographic name entry element | Finance |
| Geographic subdivision | India. |
| Topical term or geographic name entry element | Financial institutions |
| Geographic subdivision | India. |
| Withdrawn status | Lost status | Source of classification or shelving scheme | Damaged status | Not for loan | Collection code | Home library | Current library | Shelving location | Date acquired | Serial Enumeration / chronology | Inventory number | Full call number | Barcode | Date last seen | Copy number | Price effective from | Koha item type | Total Checkouts | Date last checked out | Total Renewals |
|---|---|---|---|---|---|---|---|---|---|---|---|---|---|---|---|---|---|---|---|---|
| Dewey Decimal Classification | Main TEST | RTC Library | RTC Library | Main opac | 05/01/2022 | 2683 | 332.0954 BHO | 30003074 | 27/11/2018 | 1 | 27/11/2018 | Main | ||||||||
| Dewey Decimal Classification | Main TEST | RTC Library | RTC Library | Main opac | 2686 | 332.0954 BHO | 30005478 | 27/11/2018 | 5 | 27/11/2018 | Main | |||||||||
| Dewey Decimal Classification | Main TEST | RTC Library | RTC Library | Main opac | 2685 | 332.0954 BHO | 30005477 | 21/11/2020 | 2 | 27/11/2018 | Main | 1 | 30/07/2020 | |||||||
| Dewey Decimal Classification | Main TEST | RTC Library | RTC Library | Main opac | 2684 | 332.0954 BHO | 30000385 | 27/11/2018 | 3 | 27/11/2018 | Main | |||||||||
| Dewey Decimal Classification | Reserve | RTC Library | RTC Library | Reserve | 01/03/2021 | 2687 | 332.0954 BHO | 30001672 | 13/10/2022 | 4 | 27/11/2018 | Student Reserve | 1 | 06/07/2020 | 1 |